[Event "21. Ciutat de Montcada 2013"]
[Site "Montcada i Reixac ESP"]
[Date "2013.07.03"]
[Round "9.17"]
[White "Rios, Cristhian Camilo"]
[Black "Satyapragyan, Swayangsu"]
[Result "1/2-1/2"]
[WhiteElo "2360"]
[BlackElo "2464"]
[PlyCount "38"]
[EventDate "2013.06.25"]
[EventType "swiss"]
[EventRounds "9"]
[EventCountry "ESP"]
[Source "lmi"]
[SourceDate "2013.06.25"]

1. d4 Nf6 2. c4 e6 3. Nf3 c5 4. d5 exd5 5. cxd5 d6 6. Nc3 g6 7. h3 a6 8. a4 Qe7
9. Bf4 Bg7 10. Nd2 O-O 11. Nc4 Rd8 12. e3 Ne8 13. Be2 Nd7 14. O-O Rb8 15. a5
Ne5 16. Nb6 Nd7 17. Nc4 Ne5 18. Nb6 Nd7 19. Nc4 Ne5 1/2-1/2

[Event "21. Ciutat de Montcada 2013"]
[Site "Montcada i Reixac ESP"]
[Date "2013.07.03"]
[Round "9.18"]
[White "Neelotpal, Das"]
[Black "Aloma Vidal, Robert"]
[Result "1-0"]
[WhiteElo "2461"]
[BlackElo "2421"]
[PlyCount "91"]
[EventDate "2013.06.25"]
[EventType "swiss"]
[EventRounds "9"]
[EventCountry "ESP"]
[Source "lmi"]
[SourceDate "2013.06.25"]

1. e4 c5 2. Nc3 g6 3. g3 Bg7 4. Bg2 Nc6 5. d3 d6 6. Be3 e6 7. Qd2 Nd4 8. Nd1 e5
9. c3 Nc6 10. Ne2 Be6 11. d4 cxd4 12. cxd4 d5 13. Ndc3 Nge7 14. Rd1 O-O 15. O-O
exd4 16. Nxd4 Nxd4 17. Bxd4 dxe4 18. Bxe4 Nc6 19. Bxg7 Kxg7 20. Bd5 Re8 21.
Rfe1 Bxd5 22. Nxd5 Rxe1+ 23. Rxe1 Qd6 24. Qc3+ f6 25. Nf4 Ne5 26. Rc1 Re8 27.
Qc7+ Qe7 28. Nd5 Qf7 29. Qxf7+ Nxf7 30. Rc7 Re5 31. Ne3 b5 32. Rxa7 g5 33. g4
Kg6 34. Nf5 Re2 35. b3 h5 36. h3 hxg4 37. hxg4 Re1+ 38. Kg2 b4 39. Rb7 Ra1 40.
Ra7 Rb1 41. Ne7+ Kh6 42. Nc6 Rd1 43. Rb7 Kg6 44. Rxb4 Nh6 45. a4 Kf7 46. a5 1-0

[Event "21. Ciutat de Montcada 2013"]
[Site "Montcada i Reixac ESP"]
[Date "2013.07.03"]
[Round "9.19"]
[White "Vehi Bach, Victor Manuel"]
[Black "Munoz Pantoja, Miguel"]
[Result "0-1"]
[WhiteElo "2321"]
[BlackElo "2459"]
[PlyCount "86"]
[EventDate "2013.06.25"]
[EventType "swiss"]
[EventRounds "9"]
[EventCountry "ESP"]
[Source "lmi"]
[SourceDate "2013.06.25"]

1. e4 d5 2. exd5 Qxd5 3. Nc3 Qa5 4. d4 Nf6 5. Bc4 Nc6 6. Nge2 Bg4 7. f3 Be6 8.
Bxe6 fxe6 9. O-O O-O-O 10. Qd3 e5 11. Qf5+ Rd7 12. dxe5 Qxe5 13. Qxe5 Nxe5 14.
Bf4 Nc4 15. b3 e5 16. bxc4 exf4 17. Rfd1 Bd6 18. Kf1 c6 19. Rd3 Be5 20. Rad1
Re7 21. g3 fxg3 22. hxg3 Rhe8 23. Re3 Nd7 24. f4 Bf6 25. Rxe7 Rxe7 26. Kf2 Nb6
27. Kf3 Bxc3 28. Nxc3 Nxc4 29. Ne4 Kc7 30. g4 h6 31. Rg1 Nd6 32. Nxd6 Kxd6 33.
g5 hxg5 34. fxg5 Re5 35. Kg4 g6 36. Rf1 b5 37. Rf8 a5 38. a3 a4 39. Rf6+ Re6
40. Rf7 Re4+ 41. Kf3 Rc4 42. Rf6+ Ke5 43. Rxg6 Kf5 0-1

[Event "21. Ciutat de Montcada 2013"]
[Site "Montcada i Reixac ESP"]
[Date "2013.07.03"]
[Round "9.20"]
[White "Kjartansson, Gudmundur"]
[Black "Cori Quispe, Kevin"]
[Result "1-0"]
[WhiteElo "2453"]
[BlackElo "2088"]
[PlyCount "87"]
[EventDate "2013.06.25"]
[EventType "swiss"]
[EventRounds "9"]
[EventCountry "ESP"]
[Source "lmi"]
[SourceDate "2013.06.25"]

1. g3 Nf6 2. Bg2 e6 3. Nf3 a6 4. c4 b5 5. b3 Bb7 6. O-O c5 7. Na3 Qb6 8. Bb2
Be7 9. e3 O-O 10. Qe2 Bc6 11. d3 d6 12. e4 Qb7 13. Rab1 Nbd7 14. Nc2 Rab8 15.
Ne3 Rfe8 16. Ng5 h6 17. Nh3 Nb6 18. f4 d5 19. cxd5 exd5 20. e5 Nh7 21. Nf5 Bf8
22. d4 c4 23. Rbd1 b4 24. Qf2 Rbc8 25. Ne3 cxb3 26. axb3 a5 27. f5 Rcd8 28. Nf4
a4 29. bxa4 Nxa4 30. Rc1 Nb6 31. h4 b3 32. Rc3 Na4 33. Rxc6 Qxc6 34. Bxd5 Rxd5
35. Nfxd5 Rd8 36. Rc1 Qa8 37. Ra1 Qc6 38. e6 Bd6 39. Rc1 Qb7 40. e7 Re8 41. f6
gxf6 42. Qf5 h5 43. Qxh5 Nxb2 44. Qg4+ 1-0